[Event "4th Young Stars of the World"]
[Site "Kirishi RUS"]
[Date "2006.05.14"]
[EventDate "2006.05.09"]
[Round "6"]
[Result "1-0"]
[White "Elena Tairova"]
[Black "Srinath Narayanan"]
[WhiteElo "2342"]
[BlackElo "2170"]
[PlyCount "81"]

1. d4 Nf6 2. Nf3 c5 3. d5 b5 4. Bg5 a6 5. Bxf6 exf6 6. e4 d6
7. Bd3 g6 8. O-O Bg7 9. a4 bxa4 10. Nc3 O-O 11. Nxa4 Bb7
12. c4 Nd7 13. Ne1 Bc8 14. Nc2 Ne5 15. Be2 f5 16. f4 Ng4
17. exf5 gxf5 18. Ra3 Bd7 19. Kh1 Qh4 20. Bxg4 fxg4 21. Nb6
Ra7 22. Nxd7 Rxd7 23. Rxa6 Bxb2 24. Qb1 Bd4 25. Nxd4 cxd4
26. Qe4 Re7 27. Qxd4 Rfe8 28. Raa1 Re4 29. Qd3 Re3 30. Qf5 Re2
31. Ra7 f6 32. Qd7 R2e7 33. Qxe7 Rxe7 34. Rxe7 g3 35. h3 Qh5
36. Ra1 Kf8 37. Rxh7 Qxh7 38. Ra8+ Kg7 39. Ra7+ Kg6 40. Rxh7
Kxh7 41. c5 1-0

[Event "4th Young Stars of the World"]
[Site "Kirishi RUS"]
[Date "2006.05.16"]
[EventDate "2006.05.09"]
[Round "7"]
[Result "1/2-1/2"]
[White "Vladimir Onischuk"]
[Black "Elena Tairova"]
[WhiteElo "2388"]
[BlackElo "2342"]
[PlyCount "147"]

1. e4 e6 2. d4 d5 3. Nc3 Nf6 4. Bg5 Bb4 5. e5 h6 6. Bd2 Bxc3
7. bxc3 Ne4 8. Qg4 Kf8 9. Bd3 Nxd2 10. Kxd2 c5 11. Nf3 c4
12. Be2 Nc6 13. h4 b5 14. a3 a5 15. h5 Bd7 16. Rhb1 Rb8
17. Qf4 Qe7 18. g4 Ke8 19. Rb2 b4 20. axb4 axb4 21. cxb4 Rxb4
22. Ra8+ Nd8 23. Rba2 Bc6 24. R8a7 Bb7 25. Qe3 Nc6 26. R7a4
Kd7 27. Rxb4 Qxb4+ 28. Qc3 Qxc3+ 29. Kxc3 f6 30. Kd2 Rf8
31. Ke3 f5 32. c3 g6 33. gxf5 gxf5 34. Ra1 Rg8 35. Rg1 Rxg1
36. Nxg1 Na5 37. Kd2 Nb3+ 38. Ke3 Bc6 39. Nh3 Ke7 40. Nf4 Be8
41. Bd1 Na5 42. Bc2 Nb7 43. Kd2 Nd8 44. Bd1 Nf7 45. Ng6+ Kd8
46. f4 Kc7 47. Nf8 Nd8 48. Nh7 Kb6 49. Nf6 Bb5 50. Kc1 Ka5
51. Kb2 Bc6 52. Ka3 Bb5 53. Ng8 Nf7 54. Ne7 Be8 55. Bf3 Bd7
56. Bg2 Kb6 57. Bf1 Ka5 58. Be2 Ba4 59. Ng6 Nd8 60. Nf8 Be8
61. Bd1 Bc6 62. Nh7 Be8 63. Nf6 Bb5 64. Ng8 Nf7 65. Ne7 Be8
66. Ng6 Nd8 67. Nh4 Bf7 68. Be2 Be8 69. Bd1 Bf7 70. Ng2 Nc6
71. Bf3 Na7 72. Nh4 Nb5+ 73. Kb2 Nc7 74. Ng6 1/2-1/2

[Event "4th Young Stars of the World"]
[Site "Kirishi RUS"]
[Date "2006.05.17"]
[EventDate "2006.05.09"]
[Round "8"]
[Result "1/2-1/2"]
[White "Elena Tairova"]
[Black "Fabiano Caruana"]
[WhiteElo "2342"]
[BlackElo "2421"]
[PlyCount "102"]

1. e4 e6 2. d4 d5 3. Nd2 Be7 4. Ngf3 Nf6 5. Bd3 c5 6. exd5
Qxd5 7. Bc4 Qh5 8. Nb3 cxd4 9. Nbxd4 O-O 10. Qe2 b6 11. Bf4
Bb7 12. O-O-O Nc6 13. Nb5 Na5 14. Bd3 Nd5 15. Bd2 Nb4 16. Bxb4
Bxb4 17. a3 Be7 18. Rhg1 a6 19. Nc7 Ra7 20. Nxa6 Nc6 21. Nc7
Rc8 22. Nb5 Ra5 23. Nfd4 Qxh2 24. Qe4 Nxd4 25. Qxb7 Bg5+
26. Kb1 Rb8 27. Qc7 Qxc7 28. Nxc7 Rc8 29. Na6 Nxc2 30. Be4 g6
31. Bb7 Rc4 32. Rd3 Nd4 33. Rgd1 e5 34. Nb4 Rac5 35. Ka2 Rc1
36. Rxc1 Bxc1 37. g3 Kg7 38. Rd1 Bh6 39. Nd3 Rc2 40. Nxe5 Nb5
41. Rd7 Rxf2 42. a4 Nc3+ 43. Kb3 Ne2 44. g4 Be3 45. Bd5 Bd4
46. Nxf7 Nc1+ 47. Kc4 Bxb2 48. Ng5+ Kh6 49. Nf7+ Kg7 50. Ng5+
Kh6 51. Nf7+ Kg7 1/2-1/2

[Event "4th Young Stars of the World"]
[Site "Kirishi RUS"]
[Date "2006.05.18"]
[EventDate "2006.05.09"]
[Round "9"]
[Result "0-1"]
[White "Eltaj Safarli"]
[Black "Elena Tairova"]
[WhiteElo "2417"]
[BlackElo "2342"]
[PlyCount "78"]

1. e4 e6 2. d4 d5 3. Nc3 Nf6 4. e5 Nfd7 5. f4 c5 6. Nf3 Nc6
7. Be3 cxd4 8. Nxd4 Bc5 9. Qd2 O-O 10. O-O-O a6 11. Nb3 b6
12. g4 Bb7 13. Rg1 Qe7 14. g5 Rfc8 15. Qf2 Bxe3+ 16. Qxe3 Nc5
17. Nd4 b5 18. Nce2 Na5 19. Ng3 Ne4 20. Bd3 Nc4 21. Qe1 Nc5
22. Bxc4 dxc4 23. Nh5 Qf8 24. f5 exf5 25. Nxf5 Be4 26. Nfxg7
Bg6 27. Qh4 c3 28. b4 Ne4 29. Rd4 Rc4 30. Rxc4 bxc4 31. a3 a5
32. Re1 Qd8 33. Rd1 Nd2 34. b5 Qf8 35. Rxd2 Qxa3+ 36. Kd1 Qa1+
37. Ke2 cxd2 38. Kxd2 Rd8+ 39. Ke3 Qc3+ 0-1

[Event "4th Young Stars of the World"]
[Site "Kirishi RUS"]
[Date "2006.05.19"]
[EventDate "2006.05.09"]
[Round "10"]
[Result "1-0"]
[White "Elena Tairova"]
[Black "Sanan Sjugirov"]
[WhiteElo "2342"]
[BlackElo "2412"]
[PlyCount "95"]

1. e4 c5 2. Nf3 d6 3. d4 cxd4 4. Nxd4 Nf6 5. f3 e5 6. Nb3 Be6
7. c4 Nbd7 8. Be3 Rc8 9. Nc3 Bxc4 10. Bxc4 Rxc4 11. Qd3 Rc8
12. O-O a6 13. Nd5 Nxd5 14. Qxd5 Rb8 15. Rfd1 Be7 16. Na5 Nf6
17. Qd2 O-O 18. Nc4 Ne8 19. Rac1 Rc8 20. Nb6 Rc6 21. Nd5 Qc7
22. Rxc6 bxc6 23. Nxe7+ Qxe7 24. Qb4 Qe6 25. Qa4 f5 26. exf5
Qxf5 27. Qxc6 Kh8 28. b4 Qg6 29. a4 Nf6 30. Qxd6 Re8 31. b5
axb5 32. axb5 Qc2 33. Bg5 Ng8 34. b6 Qb3 35. Bd8 e4 36. fxe4
Rxe4 37. h3 Re6 38. Qd4 Re4 39. Qd2 h6 40. Kh2 Rb4 41. Qd6 Rb5
42. Rd3 Qf7 43. Rf3 Qb7 44. Rg3 Qe4 45. Qd7 Qe5 46. Bc7 Qb2
47. Rxg7 Nf6 48. Qf7 1-0

[Event "4th Young Stars of the World"]
[Site "Kirishi RUS"]
[Date "2006.05.20"]
[EventDate "2006.05.09"]
[Round "11"]
[Result "1-0"]
[White "Ian Nepomniachtchi"]
[Black "Elena Tairova"]
[WhiteElo "2506"]
[BlackElo "2342"]
[PlyCount "73"]

1. e4 e6 2. Nf3 d5 3. Nc3 d4 4. Ne2 c5 5. Ng3 Nc6 6. a3 a6
7. Bc4 Nf6 8. d3 h6 9. O-O Be7 10. Ba2 b5 11. h3 Bd6 12. Ne1
Bxg3 13. fxg3 Qd6 14. g4 Nh7 15. Bf4 Qe7 16. Nf3 Nf8 17. Bg3
Bb7 18. c3 dxc3 19. bxc3 Ng6 20. d4 c4 21. d5 Na5 22. d6 Qd8
23. Bb1 Qb6+ 24. Kh2 O-O-O 25. e5 Nb3 26. Ra2 Rd7 27. a4 Ne7
28. axb5 axb5 29. Bc2 Nc5 30. Qd2 Nd5 31. Rb1 f6 32. Nd4 Bc6
33. Bf2 Nc7 34. Qe2 Nd5 35. Qe1 Re8 36. Nxc6 Qxc6 37. Bxc5 1-0

[Event "Russian Women's Championship"]
[Site "Orel RUS"]
[Date "2006.06.29"]
[EventDate "2006.06.28"]
[Round "1"]
[Result "1-0"]
[White "Elena Tairova"]
[Black "Olga Dolgova"]
[WhiteElo "2342"]
[BlackElo "2219"]
[PlyCount "175"]

1. e4 c6 2. c4 d5 3. cxd5 cxd5 4. exd5 Nf6 5. Qa4+ Bd7 6. Qb3
Na6 7. Qxb7 Nc5 8. Qb4 e6 9. Qd4 Nxd5 10. Nf3 Rc8 11. Na3 Nb4
12. Ne5 Nxa2 13. Nxd7 Nxd7 14. Bc4 Nxc1 15. Rxc1 Bxa3 16. Qxg7
Bxb2 17. Qxb2 Rg8 18. O-O Qb6 19. Bb5 Ke7 20. Qa3+ Qd6
21. Qxa7 Qd5 22. Qxd7+ Qxd7 23. Bxd7 Kxd7 24. Ra1 Rc7 25. Rfc1
Rxc1+ 26. Rxc1 Rb8 27. Kf1 Rb5 28. Rc3 Ke7 29. Ke2 Re5+
30. Re3 Rd5 31. f4 Kf6 32. d3 Ra5 33. Kf3 Ra2 34. Re2 Ra4
35. Rb2 Ra1 36. Ke3 Re1+ 37. Re2 Rf1 38. Rf2 Re1+ 39. Kf3 Rd1
40. Ke2 Ra1 41. g4 Rg1 42. Kf3 Rd1 43. Ke3 Rg1 44. h3 Rd1
45. f5 Kg5 46. fxe6 fxe6 47. Rf7 h6 48. Rf3 Ra1 49. Kf2 Rd1
50. Kg3 Rg1+ 51. Kf2 Rd1 52. Ke3 Ra1 53. Kd4 Ra5 54. Ke4 Rb5
55. d4 Ra5 56. Rf8 Rb5 57. Rc8 Kf6 58. Rc6 Ra5 59. Rc5 Ra1
60. Rc3 Ra5 61. Rc5 Ra1 62. Rh5 Kg6 63. Ke5 Ra6 64. Ke4 Ra1
65. Re5 Kf6 66. Kf4 Rd1 67. Re4 Rh1 68. Kg3 Rg1+ 69. Kh4 Rh1
70. Re3 Rh2 71. Kh5 Kg7 72. h4 Kf6 73. Rf3+ Kg7 74. Rb3 Rg2
75. Rb7+ Kf6 76. Rh7 Rd2 77. Rxh6+ Kf7 78. Rh7+ Ke8 79. g5
Rxd4 80. g6 Kf8 81. Rf7+ Kg8 82. Re7 Re4 83. Kg5 Kf8 84. Rf7+
Kg8 85. h5 e5 86. Ra7 Kf8 87. h6 Re1 88. g7+ 1-0

[Event "Russian Women's Championship"]
[Site "Orel RUS"]
[Date "2006.06.30"]
[EventDate "2006.06.28"]
[Round "2"]
[Result "0-1"]
[White "Evgenija Ovod"]
[Black "Elena Tairova"]
[WhiteElo "2395"]
[BlackElo "2342"]
[PlyCount "96"]

1. d4 d5 2. c4 c6 3. Nf3 Nf6 4. Nc3 dxc4 5. a4 Bf5 6. e3 e6
7. Bxc4 Bb4 8. O-O O-O 9. Nh4 Nbd7 10. f3 Qa5 11. e4 Bg6
12. Nxg6 hxg6 13. Ne2 e5 14. Be3 Rad8 15. Qc2 exd4 16. Nxd4
Ne5 17. Nb3 Qc7 18. Be2 a5 19. Kh1 Rfe8 20. Rac1 Ned7 21. g3
Nf8 22. Bc4 Ne6 23. Qf2 Qe5 24. Bb6 Ra8 25. Rfd1 g5 26. Bxe6
Qxe6 27. Nd4 Qe5 28. Nf5 g4 29. Bd4 Qe6 30. Qe3 Bf8 31. Qg5
gxf3 32. Bxf6 Qxf6 33. Qxf6 gxf6 34. Rc4 Rad8 35. Rf1 Rd3
36. Kg1 Re5 37. Rfc1 Rd2 38. Nh4 f2+ 39. Kg2 Rxb2 40. Nf3 Re8
41. e5 fxe5 42. Rg4+ Bg7 43. Rc5 Kf8 44. Rxa5 e4 45. Ng5 e3
46. Nh7+ Ke7 47. Rxg7 Kd6 48. Ng5 f1=Q+ 0-1

[Event "Russian Women's Championship"]
[Site "Orel RUS"]
[Date "2006.07.01"]
[EventDate "2006.06.28"]
[Round "3"]
[Result "0-1"]
[White "Irina Sudakova"]
[Black "Elena Tairova"]
[WhiteElo "2391"]
[BlackElo "2342"]
[PlyCount "146"]

1. e4 e6 2. d4 d5 3. Nd2 c5 4. exd5 exd5 5. Ngf3 Nf6 6. Bb5+
Bd7 7. Bxd7+ Nbxd7 8. O-O Be7 9. dxc5 Nxc5 10. Nb3 Nce4
11. Nfd4 Qd7 12. f3 Nd6 13. Nc5 Qc8 14. Nd3 O-O 15. Be3 Bd8
16. Bf2 Bb6 17. a4 a6 18. c3 Re8 19. Qb3 Ba7 20. Rfe1 Qc4
21. Qxc4 dxc4 22. Nf4 h6 23. Nc2 Bxf2+ 24. Kxf2 g5 25. Rad1
Rxe1 26. Kxe1 Re8+ 27. Kf1 Nc8 28. Ne2 Nb6 29. Rd6 Re6
30. Rd8+ Kg7 31. Ncd4 Re8 32. Rxe8 Nxe8 33. a5 Na4 34. b3 cxb3
35. Nxb3 Nd6 36. Ke1 Nc4 37. g3 Kf6 38. Kd1 Ne3+ 39. Kd2 Nf1+
40. Kd3 Nxh2 41. Kc4 Nxf3 42. Kb4 Nb2 43. Kc5 h5 44. Kb6 h4
45. gxh4 gxh4 46. Kxb7 Kg5 47. Kxa6 Kg4 48. Nc5 f5 49. Kb6 h3
50. a6 h2 51. a7 Nc4+ 52. Kc7 h1=Q 53. a8=Q Qh2+ 54. Kb7 Qxe2
55. Qg8+ Ng5 56. Qg7 Qe5 57. Qxe5 Nxe5 58. Nb3 Ne4 59. c4 f4
60. Nd4 Nxc4 61. Kc6 Nc3 62. Kc5 Ne2 63. Nc2 Ne3 64. Ne1 Kg3
65. Kd6 Ng2 66. Nd3 f3 67. Ke5 Ngf4 68. Nc5 Nc3 69. Nb3 f2
70. Nd2 Nfe2 71. Nf1+ Kg2 72. Nd2 Nb1 73. Nc4 Kf3 0-1

[Event "Russian Women's Championship"]
[Site "Orel RUS"]
[Date "2006.07.02"]
[EventDate "2006.06.28"]
[Round "4"]
[Result "1/2-1/2"]
[White "Elena Tairova"]
[Black "Elena Zaiatz"]
[WhiteElo "2342"]
[BlackElo "2417"]
[PlyCount "63"]

1. e4 e5 2. Nf3 Nc6 3. Bc4 Bc5 4. c3 Nf6 5. d3 a6 6. Bb3 Ba7
7. Nbd2 O-O 8. h3 d5 9. Qe2 Re8 10. Nf1 Na5 11. Bc2 Bd7
12. Ng3 dxe4 13. dxe4 Bb5 14. Qd2 Qxd2+ 15. Bxd2 Nc4 16. Bc1
Nd6 17. Bg5 Nd7 18. a4 Bc6 19. O-O f6 20. Bc1 Nc5 21. Re1 b5
22. axb5 axb5 23. Rxa7 Rxa7 24. Be3 Ndb7 25. b4 Ra3 26. bxc5
Rxc3 27. Rc1 Ra8 28. Nd2 Kf8 29. Nb1 Rc4 30. Nd2 Rc3 31. Nb1
Rc4 32. Nd2 1/2-1/2

[Event "Russian Women's Championship"]
[Site "Orel RUS"]
[Date "2006.07.03"]
[EventDate "2006.06.28"]
[Round "5"]
[Result "1/2-1/2"]
[White "Ekaterina Korbut"]
[Black "Elena Tairova"]
[WhiteElo "2442"]
[BlackElo "2342"]
[PlyCount "134"]

1. e4 e6 2. f4 d5 3. e5 c5 4. Nf3 Nc6 5. c3 Nge7 6. Na3 Nf5
7. Nc2 Be7 8. d4 a6 9. Bd3 c4 10. Bxf5 exf5 11. O-O Be6
12. Be3 O-O 13. Bf2 b5 14. Qe1 a5 15. Bh4 b4 16. Bxe7 Qxe7
17. Nh4 Rab8 18. Ne3 Qd7 19. g4 Ne7 20. Qf2 f6 21. exf6 Rxf6
22. g5 Rff8 23. Nf3 Nc8 24. Qh4 Nd6 25. Ne5 Qc7 26. Rf3 g6
27. Rh3 Qg7 28. Qe1 Ne4 29. cxb4 Rxb4 30. Nd1 Qc7 31. Qh4 Qg7
32. Rc1 Rc8 33. a3 Rb5 34. Rc2 Qa7 35. Nf2 Rc7 36. Nxg6 Qxd4
37. Qh6 Qg7 38. Ne5 Rb6 39. Qxg7+ Kxg7 40. Nf3 Bd7 41. Rh6
Rxh6 42. gxh6+ Kxh6 43. Nd4 Nd6 44. Re2 Ne4 45. Nd1 Kg6
46. Ne3 Nf6 47. Rg2+ Kf7 48. Nexf5 Bxf5 49. Nxf5 Ke6 50. Nd4+
Kf7 51. f5 Rc8 52. Kf1 Ne4 53. Ke2 c3 54. Ke3 Kf6 55. Rc2 cxb2
56. Rxb2 Ke5 57. Rb3 Nd6 58. Rd3 Nc4+ 59. Ke2 a4 60. Nf3+ Kd6
61. Nd4 Re8+ 62. Ne6 Rb8 63. Nf4 Rb2+ 64. Ke1 Ke5 65. Nxd5 Ke4
66. Rd1 Kxf5 67. Rd4 Nxa3 1/2-1/2

[Event "Russian Women's Championship"]
[Site "Orel RUS"]
[Date "2006.07.04"]
[EventDate "2006.06.28"]
[Round "6"]
[Result "1-0"]
[White "Elena Tairova"]
[Black "Tamara Chistiakova"]
[WhiteElo "2342"]
[BlackElo "2351"]
[PlyCount "87"]

1. e4 c5 2. Nf3 d6 3. d4 Nf6 4. dxc5 Nxe4 5. cxd6 Nxd6 6. Nc3
Nc6 7. Bf4 Bg4 8. Be2 e6 9. h3 Bh5 10. O-O Be7 11. Ne5 Bxe2
12. Qxe2 Nd4 13. Qd3 N6f5 14. Rad1 f6 15. Nf3 Nxf3+ 16. Qxf3
Qb6 17. Rfe1 O-O 18. Qe4 g5 19. Nd5 exd5 20. Qxf5 Rf7 21. Be3
Qxb2 22. Bd4 Qb4 23. c3 Qd6 24. Re6 Qf4 25. Qxd5 Rd8 26. Qb3
Rd7 27. Rde1 Kg7 28. Qb5 Rxd4 29. cxd4 Bd6 30. Qd5 Qh2+
31. Kf1 Bb4 32. Rd1 Rc7 33. Qf5 Rf7 34. Qe4 Qc7 35. d5 Bd6
36. h4 gxh4 37. Qg4+ Kf8 38. Qxh4 Be5 39. Qb4+ Kg7 40. d6 Qd7
41. Qc4 b5 42. Qd5 b4 43. Re1 Kg6 44. R1xe5 1-0

[Event "Russian Women's Championship"]
[Site "Orel RUS"]
[Date "2006.07.05"]
[EventDate "2006.06.28"]
[Round "7"]
[Result "1-0"]
[White "Maria Komiagina"]
[Black "Elena Tairova"]
[WhiteElo "2341"]
[BlackElo "2342"]
[PlyCount "131"]

1. e4 e6 2. d4 d5 3. Nc3 Nf6 4. Bg5 dxe4 5. Nxe4 Nbd7 6. Nf3
h6 7. Nxf6+ Nxf6 8. Be3 Nd5 9. Qd2 Nxe3 10. Qxe3 Bd6 11. O-O-O
Qf6 12. Ne5 O-O 13. f4 Rd8 14. Bd3 Bd7 15. g4 c5 16. dxc5 Bc7
17. h4 Bc6 18. g5 Qe7 19. Rhg1 h5 20. g6 f6 21. Nxc6 bxc6
22. Bc4 Kf8 23. Rde1 Rab8 24. c3 a5 25. Rgf1 Re8 26. Qf2 e5
27. f5 Rb7 28. Be6 Reb8 29. Re2 e4 30. Rc2 Rb5 31. Re1 Qxc5
32. Qxc5+ Rxc5 33. Rxe4 Rd8 34. Rce2 Re5 35. Rxe5 Bxe5 36. Kc2
Ke7 37. Re4 Ra8 38. Rc4 Kd6 39. Kd3 Rb8 40. b3 Rb5 41. Re4 Rb8
42. Kc4 Ke7 43. b4 a4 44. Re3 Rb5 45. Bf7 Kd7 46. Kd3 Kd6
47. a3 Rb8 48. Kc4 Rb5 49. Kd3 Rb8 50. Ke4 Ke7 51. Kd3 Kd6
52. Re4 Ke7 53. Kc2 Kd6 54. Bc4 Rc8 55. Be2 Rh8 56. Bf3 Kd7
57. Rc4 Rc8 58. Bxh5 Bd6 59. Bf3 Rc7 60. h5 Bf8 61. Kd3 Rc8
62. Bd1 Rd8 63. Bxa4 Kc7+ 64. Ke3 c5 65. Re4 Ra8 66. Re8 1-0

[Event "Russian Women's Championship"]
[Site "Orel RUS"]
[Date "2006.07.06"]
[EventDate "2006.06.28"]
[Round "8"]
[Result "0-1"]
[White "Elena Tairova"]
[Black "Valentina Gunina"]
[WhiteElo "2342"]
[BlackElo "2352"]
[PlyCount "90"]

1. e4 c5 2. Nf3 d6 3. d4 cxd4 4. Nxd4 Nf6 5. f3 e5 6. Nb3 Be6
7. c4 Be7 8. Be3 b5 9. Na3 bxc4 10. Bxc4 d5 11. Bb5+ Nbd7
12. Bc6 dxe4 13. Bxa8 Qxa8 14. O-O exf3 15. Qxf3 Bd5 16. Qe2
a6 17. Nb1 a5 18. Nc3 a4 19. Nd2 O-O 20. Nxd5 Nxd5 21. Kh1 f5
22. Bg1 e4 23. Nc4 Bc5 24. Ne5 Nxe5 25. Bxc5 Rf7 26. b3 a3
27. Rac1 Nd3 28. Rc4 Rc7 29. Bd6 Rxc4 30. bxc4 Nc3 31. Qc2 Qa6
32. Bb4 Nd5 33. Bd2 Ne7 34. Qb3 h6 35. Be3 Kh7 36. Qc3 Qb7
37. Qxa3 f4 38. Bg1 Nf5 39. Qf8 Qd7 40. c5 e3 41. c6 Qd5
42. c7 Nh4 43. Qh8+ Kxh8 44. c8=Q+ Kh7 45. Qg4 f3 0-1

[Event "Russian Women's Championship"]
[Site "Orel RUS"]
[Date "2006.07.07"]
[EventDate "2006.06.28"]
[Round "9"]
[Result "0-1"]
[White "Maria Kursova"]
[Black "Elena Tairova"]
[WhiteElo "2333"]
[BlackElo "2342"]
[PlyCount "92"]

1. d4 d5 2. c4 c6 3. Nf3 Nf6 4. Nc3 dxc4 5. a4 Bf5 6. Ne5 Nbd7
7. Nxc4 Qc7 8. g3 e5 9. dxe5 Nxe5 10. Bf4 Nfd7 11. Bg2 Rd8
12. Qc1 f6 13. O-O Bc5 14. Ne3 Be6 15. b4 Bd6 16. b5 Nc5
17. bxc6 bxc6 18. Qc2 O-O 19. Nf5 Bb3 20. Qc1 Ne6 21. Nxd6
Qxd6 22. Ne4 Qb4 23. Bxe5 fxe5 24. Qe3 Nd4 25. Rab1 c5 26. Nd2
c4 27. Nxb3 cxb3 28. Qxe5 Rfe8 29. Qh5 Nxe2+ 30. Kh1 b2
31. Bd5+ Kh8 32. Bf7 Re7 33. Bg6 h6 34. Bf5 Nd4 35. Bd3 Ne6
36. Qg6 Nf8 37. Qf5 Qc3 38. Be4 Re5 39. Qg4 Ne6 40. h4 Nc5
41. Bg6 Nb3 42. Rbd1 Nd2 43. Bb1 Rd4 44. Rxd2 Qc6+ 45. f3 Rxd2
46. Qf4 Qd6 0-1

[Event "CHN-RUS Summit (Women)"]
[Site "Ergun"]
[Date "2006.08.19"]
[EventDate "?"]
[Round "9"]
[Result "1-0"]
[White "Yifan Hou"]
[Black "Elena Tairova"]
[WhiteElo "2488"]
[BlackElo "2397"]
[PlyCount "101"]

1. e4 c5 2. Nf3 d6 3. d4 cxd4 4. Nxd4 Nf6 5. Nc3 a6 6. f4 e5
7. Nf3 Nbd7 8. a4 Be7 9. Bd3 O-O 10. O-O exf4 11. Bxf4 Qb6+
12. Kh1 Qxb2 13. Nd5 Nxd5 14. exd5 Nc5 15. Qe2 Nxd3 16. Qxd3
Qb6 17. Rae1 Qd8 18. Qe4 Bf6 19. Qb4 a5 20. Qa3 Ra6 21. Nd2
Bg5 22. Qe3 Bxf4 23. Qxf4 Bd7 24. Re3 f5 25. Rfe1 Qf6 26. h3
h6 27. Rb1 Bc8 28. Qc4 Kh7 29. Rbe1 Rb6 30. Qc7 Qd8 31. Qc3
Qf6 32. Qxa5 Rb2 33. Qc7 f4 34. Re8 Rxe8 35. Rxe8 Bf5 36. Qb8
Bd7 37. Ne4 Rb1+ 38. Kh2 Qd4 39. Rh8+ Kg6 40. Qxd6+ Kh5
41. Qxf4 Qg1+ 42. Kg3 Qe1+ 43. Nf2 Rb4 44. Qf7+ g6 45. Qf3+
Kg5 46. Kh2 Qe5+ 47. g3 Qxh8 48. h4+ Rxh4+ 49. gxh4+ Kxh4
50. Qf4+ Kh5 51. Kg3 1-0

[Event "World Junior Championship (Girls)"]
[Site "Yerevan ARM"]
[Date "2006.10.04"]
[EventDate "2006.10.03"]
[Round "2"]
[Result "1-0"]
[White "Zhang Jilin"]
[Black "Elena Tairova"]
[WhiteElo "2292"]
[BlackElo "2415"]
[PlyCount "99"]

1. e4 e6 2. d4 d5 3. Nc3 Nf6 4. e5 Nfd7 5. f4 c5 6. Nf3 Nc6
7. Be3 cxd4 8. Nxd4 Bc5 9. Qd2 O-O 10. O-O-O a6 11. Qf2 Nxd4
12. Bxd4 b6 13. h4 Bb7 14. h5 Rc8 15. Kb1 b5 16. Bd3 f6 17. h6
g6 18. Bxc5 Nxc5 19. Qg3 Qc7 20. Rhe1 f5 21. Ne2 Na4 22. Qe3
b4 23. Qd4 a5 24. Rc1 Bc6 25. b3 Nb6 26. c3 bxc3 27. Rxc3 Qb7
28. Rec1 Nd7 29. Ka1 Nb8 30. Qc5 Qb4 31. Nd4 Bd7 32. Qxb4 axb4
33. Rc7 Rfd8 34. Kb2 Kf7 35. Rb7 Rxc1 36. Kxc1 g5 37. fxg5 Kg6
38. Nf3 Nc6 39. Kd2 d4 40. Bb5 Nb8 41. Rxb8 Rxb8 42. Bxd7 Kf7
43. Nxd4 Rd8 44. Bxe6+ Kg6 45. Bxf5+ Kxg5 46. Ke3 Kxh6 47. g4
Ra8 48. e6 Kg5 49. e7 Kf6 50. Nc6 1-0

[Event "World Junior Championship (Girls)"]
[Site "Yerevan ARM"]
[Date "2006.10.05"]
[EventDate "2006.10.03"]
[Round "3"]
[Result "1-0"]
[White "Elena Tairova"]
[Black "Kruttika Nadig"]
[WhiteElo "2415"]
[BlackElo "2184"]
[PlyCount "155"]

1. e4 e5 2. Nf3 Nc6 3. Bc4 Bc5 4. c3 Nf6 5. d3 a6 6. Bb3 O-O
7. O-O d5 8. Qe2 Re8 9. Bg5 dxe4 10. dxe4 Be6 11. Nbd2 h6
12. Bh4 g5 13. Bg3 Nh5 14. Bxe6 Rxe6 15. b4 Ba7 16. Nc4 Nf4
17. Qc2 Qf6 18. Ne3 Rd8 19. a4 h5 20. h4 g4 21. Nh2 Red6
22. Rfd1 Qe6 23. Nhf1 Ne7 24. Kh2 Neg6 25. Nf5 R6d7 26. N1e3
c6 27. Rxd7 Rxd7 28. Rd1 Nf8 29. Rd2 Bb6 30. a5 Bc7 31. Rd1
Rxd1 32. Nxd1 Qd7 33. Nb2 N8e6 34. Qc1 Ng7 35. Nxg7 Kxg7
36. Qe3 Bd8 37. Nc4 f6 38. Nb2 Kf7 39. Kg1 Bc7 40. Kh2 Kg6
41. Kg1 Qf7 42. Nd3 Nxd3 43. Qxd3 Qe6 44. Kh2 Bd6 45. f3 gxf3
46. Qxf3 f5 47. exf5+ Qxf5 48. Qe3 Kf7 49. Qb6 Qd7 50. Qf2+
Kg6 51. Qd2 Qe7 52. Qd3+ Kh6 53. Qe3+ Kg7 54. Qe4 Qe6 55. Qd3
Qg6 56. Qe3 Qf5 57. c4 Kg6 58. b5 axb5 59. cxb5 cxb5 60. Qb6
Qe6 61. Qxb7 b4 62. Qb6 Qd5 63. a6 Qc5 64. Qb7 e4 65. Qxe4+
Kf6 66. Qf3+ Ke7 67. Qb7+ Kf6 68. Qf3+ Ke7 69. Qe2+ Kf8
70. Qf1+ Kg8 71. Qd3 Bxg3+ 72. Qxg3+ Kh7 73. Qd3+ Kh8 74. Qd8+
Kh7 75. Qd7+ Kg8 76. a7 Qe5+ 77. Kh3 Qe3+ 78. g3 1-0

[Event "World Junior Championship (Girls)"]
[Site "Yerevan ARM"]
[Date "2006.10.06"]
[EventDate "2006.10.03"]
[Round "4"]
[Result "1/2-1/2"]
[White "Mary Ann Gomes"]
[Black "Elena Tairova"]
[WhiteElo "2264"]
[BlackElo "2415"]
[PlyCount "168"]

1. Nf3 d5 2. c4 c6 3. g3 Nf6 4. Bg2 Bf5 5. b3 e6 6. O-O Be7
7. Bb2 O-O 8. d3 Nbd7 9. Nbd2 Qc7 10. Qc2 Bg6 11. e4 dxe4
12. dxe4 e5 13. Nh4 Rfe8 14. Nxg6 hxg6 15. Rad1 a5 16. Nf3 Bf8
17. Bh3 Rad8 18. Rfe1 Bd6 19. Bc3 b6 20. Ng5 Bb4 21. Bxb4 axb4
22. Rd2 Nc5 23. Red1 Qe7 24. Bg2 Rd7 25. Rxd7 Nfxd7 26. h4 Nf8
27. Qd2 Nb7 28. Qe3 Rd8 29. Rxd8 Qxd8 30. f4 Nc5 31. fxe5 Nfe6
32. Nxe6 Nxe6 33. Kf2 c5 34. Bh3 Nd4 35. Qd2 Qb8 36. Bg2 Qxe5
37. Qf4 Nc6 38. Qxe5 Nxe5 39. Ke3 f6 40. Bf3 Kf7 41. Be2 g5
42. hxg5 fxg5 43. Bh5+ Ke7 44. Be2 Kd6 45. Kd2 Nd7 46. Ke3 Ke5
47. Bg4 Nf6 48. Bf5 Nh5 49. Kf3 Nf6 50. Ke3 Ng8 51. Kf3 Nh6
52. Bd7 Nf7 53. Ke3 Kd6 54. Bg4 Ne5 55. Be2 Nc6 56. Bh5 Nd4
57. Bd1 Ke5 58. Kd3 Ne6 59. Bg4 Nf8 60. Bf5 g4 61. Bxg4 Nh7
62. Bf3 Nf6 63. g4 Kf4 64. e5 Kxe5 65. Ke3 Ne8 66. Be4 Kf6
67. Bc2 Nd6 68. Bd3 Nf7 69. Ke4 Ke6 70. Ke3 Nh6 71. Be2 Ng8
72. Ke4 Ne7 73. Bd3 Nc6 74. Ke3 Ne5 75. Be2 Nd7 76. Ke4 Nf6+
77. Ke3 Kd6 78. Bd1 Nd7 79. Ke4 Nf8 80. Bc2 Ne6 81. Ke3 Nd4
82. Bd3 Ke5 83. Bf1 Kf6 84. Ke4 Ke6 1/2-1/2

[Event "World Junior Championship (Girls)"]
[Site "Yerevan ARM"]
[Date "2006.10.07"]
[EventDate "2006.10.03"]
[Round "5"]
[Result "0-1"]
[White "Elena Tairova"]
[Black "Miranda Mikadze"]
[WhiteElo "2415"]
[BlackElo "2229"]
[PlyCount "98"]

1. e4 d5 2. exd5 Qxd5 3. Nc3 Qa5 4. d4 Nf6 5. Bd2 c6 6. Bc4
Bf5 7. Nd5 Qd8 8. Nxf6+ gxf6 9. Nf3 e6 10. c3 Nd7 11. Nh4 Bg6
12. Qf3 f5 13. Qh3 Bg7 14. O-O Nb6 15. Bb3 c5 16. Nf3 c4
17. Bc2 O-O 18. Rad1 Nd5 19. Ne5 Rc8 20. Qf3 Qh4 21. Qe2 b5
22. Ra1 Bh5 23. Qe1 Rc7 24. Bd1 Bxd1 25. Qxd1 Rb8 26. a3 a5
27. g3 Qh3 28. Qe2 a4 29. Rae1 Re8 30. f4 Bxe5 31. fxe5 h6
32. Kh1 Kh7 33. g4 Qxg4 34. Qf2 Rcc8 35. Rg1 Qh5 36. Rg3 Rg8
37. Reg1 Rg6 38. Rxg6 fxg6 39. Qf1 Qh4 40. Rg3 f4 41. Rg2 Rf8
42. Qf3 Rf5 43. Rf2 g5 44. Rg2 h5 45. Kg1 g4 46. Qe4 Qh3
47. Rf2 f3 48. Be1 Kg6 49. Bd2 h4 0-1

[Event "World Junior Championship (Girls)"]
[Site "Yerevan ARM"]
[Date "2006.10.08"]
[EventDate "2006.10.03"]
[Round "6"]
[Result "0-1"]
[White "Varduhi Kalashyan"]
[Black "Elena Tairova"]
[WhiteElo "2026"]
[BlackElo "2415"]
[PlyCount "60"]

1. e4 c5 2. Nf3 d6 3. d4 cxd4 4. Nxd4 Nf6 5. Nc3 a6 6. Be2 e5
7. Nb3 Be7 8. O-O O-O 9. Qd3 Be6 10. Nd5 Bxd5 11. exd5 Nbd7
12. Be3 Ne8 13. f4 exf4 14. Bxf4 Bg5 15. Bg3 Ne5 16. Bxe5 dxe5
17. c4 b6 18. a4 a5 19. Nd2 f5 20. Qc3 Nd6 21. Nf3 Bf6 22. Kh1
Qc7 23. Rac1 Qc5 24. Nd2 e4 25. Qc2 Qe3 26. Nb3 Be5 27. Rce1
Qh6 28. h3 Qh4 29. Kg1 Qg3 30. Rb1 e3 0-1

[Event "World Junior Championship (Girls)"]
[Site "Yerevan ARM"]
[Date "2006.10.09"]
[EventDate "2006.10.03"]
[Round "7"]
[Result "1/2-1/2"]
[White "Elena Tairova"]
[Black "Yulduz Hamrakulova"]
[WhiteElo "2415"]
[BlackElo "2209"]
[PlyCount "87"]

1. e4 d5 2. exd5 Qxd5 3. Nc3 Qd6 4. d4 Nf6 5. Nf3 a6 6. Ne5 e6
7. Bf4 c5 8. dxc5 Qxc5 9. Nc4 Nbd7 10. Nd6+ Bxd6 11. Bxd6 Qc6
12. Qd4 Qb6 13. Qd2 Nd5 14. Ba3 N7f6 15. Bd3 h6 16. Ne4 Nxe4
17. Bxe4 Nf6 18. Bf3 Bd7 19. O-O-O Qc7 20. Bd6 Qb6 21. Rhe1
Bc6 22. Bxc6+ Qxc6 23. Ba3 Rc8 24. Kb1 Qc7 25. f4 Rd8 26. Bd6
Qc4 27. b3 Qc6 28. Qd3 Kd7 29. f5 Nd5 30. fxe6+ fxe6 31. c4
Qxd6 32. cxd5 exd5 33. Rc1 Rhe8 34. Qf5+ Re6 35. Re2 Rf8
36. Qg4 g5 37. Rce1 Rff6 38. Rxe6 Rxe6 39. Qf5 Ke7 40. Qh7+
Kd8 41. Qg8+ Kd7 42. Rc1 Re8 43. Qg7+ Re7 44. Qf8 1/2-1/2